00655nam a2200229Ia 4500008004100000020001800041100001600059245002600075245004400101260001500145260002000160260000900180300002700189300002700216300001000243650001600253650001300269650002500282700000800307999001900315952009100334160803s9999 xx 000 0 und d a9780590459976 aCharles, Oz aHow is crayon made? / cwritten and photographed by Oz Charles. aNew York : bScholastic Inc. c1988 a32 unnumbered pages :  bcolor illustrations ;  c22 cm aCrayons --  aCrayons. xJuvenile literature. a970 c298215d298215 001040aSSISBbSSISBcLEXd2016-08-03l0pSC-141r2016-08-03 00:00:00w2016-08-03yBK